<?xml version="1.0" encoding="UTF-8"?>
<record
    xmlns:xsi="http://www.w3.org/2001/XMLSchema-instance"
    xsi:schemaLocation="http://www.loc.gov/MARC21/slim http://www.loc.gov/standards/marcxml/schema/MARC21slim.xsd"
    xmlns="http://www.loc.gov/MARC21/slim">

  <leader>02038cam a22003498a 4500</leader>
  <controlfield tag="001">16897679</controlfield>
  <controlfield tag="003">OSt</controlfield>
  <controlfield tag="005">20150408114101.0</controlfield>
  <controlfield tag="008">110727s2012    stk           001 0 eng  </controlfield>
  <datafield tag="010" ind1=" " ind2=" ">
    <subfield code="a">  2011032022</subfield>
  </datafield>
  <datafield tag="020" ind1=" " ind2=" ">
    <subfield code="a">9780702040917</subfield>
  </datafield>
  <datafield tag="020" ind1=" " ind2=" ">
    <subfield code="a">9780702040924 (International)</subfield>
  </datafield>
  <datafield tag="035" ind1=" " ind2=" ">
    <subfield code="a">(DNLM)101565591</subfield>
  </datafield>
  <datafield tag="040" ind1=" " ind2=" ">
    <subfield code="a">Ma-Un </subfield>
  </datafield>
  <datafield tag="042" ind1=" " ind2=" ">
    <subfield code="a">pcc</subfield>
  </datafield>
  <datafield tag="060" ind1="1" ind2="0">
    <subfield code="a">WB 141</subfield>
  </datafield>
  <datafield tag="082" ind1="0" ind2="0">
    <subfield code="a">616.075</subfield>
    <subfield code="2">23</subfield>
  </datafield>
  <datafield tag="245" ind1="0" ind2="0">
    <subfield code="a">Hutchison's clinical methods :</subfield>
    <subfield code="b">an integrated approach to clinical practice.</subfield>
  </datafield>
  <datafield tag="246" ind1="1" ind2=" ">
    <subfield code="a">Clinical methods</subfield>
  </datafield>
  <datafield tag="250" ind1=" " ind2=" ">
    <subfield code="a">23rd ed. /</subfield>
    <subfield code="b">edited by Michael Glynn, William M. Drake.</subfield>
  </datafield>
  <datafield tag="260" ind1=" " ind2=" ">
    <subfield code="a">Edinburgh :</subfield>
    <subfield code="b">Elsevier,</subfield>
    <subfield code="c">2012.</subfield>
  </datafield>
  <datafield tag="263" ind1=" " ind2=" ">
    <subfield code="a">1204</subfield>
  </datafield>
  <datafield tag="300" ind1=" " ind2=" ">
    <subfield code="a">p. ;</subfield>
    <subfield code="c">cm.</subfield>
  </datafield>
  <datafield tag="500" ind1=" " ind2=" ">
    <subfield code="a">Includes index.</subfield>
  </datafield>
  <datafield tag="505" ind1="0" ind2=" ">
    <subfield code="a">Doctor and patient : general principles of history taking / Michael Glynn -- General patient examination and differential diagnosis / William Drake -- Ethical considerations / William Drake -- Women / Alan Naftalin -- Children and adolescents / Anna Riddell -- Older people / Adam Feather -- Psychiatric assessment / Ruth E. Taylor -- Patients presenting as emergencies / Robert Ghosh -- Patients in pain / Jayne Gallagher and Serge Nikolic -- Respiratory system / F. Runa Ali and John Moore-Gillon -- Cardiovascular system / Adam D. Timmis and Andrew Archbold -- Gastrointestinal system / Michael Glynn -- Locomotor system / David P. D'Cruz -- Nervous system / Rodney W.H. Walker -- Skin, nails and hair / Rino Cerio -- Endocrine disorders / William Drake and John Monson -- Diabetic and other metabolic disorders / Tahseen A. Chowdhury -- Kidneys and urinary tract / Raj Thuraisingham -- Eyes / Andrew Coombes -- Ear, nose, and throat / Michael J. Wareing -- Sexually transmitted infections / Beng T. Goh.</subfield>
  </datafield>
  <datafield tag="650" ind1="1" ind2="2">
    <subfield code="a">Diagnostic Techniques and Procedures.</subfield>
    <subfield code="9">16137</subfield>
  </datafield>
  <datafield tag="650" ind1="2" ind2="2">
    <subfield code="a">Clinical Medicine</subfield>
    <subfield code="x">methods.</subfield>
  </datafield>
  <datafield tag="700" ind1="1" ind2=" ">
    <subfield code="a">Glynn, Michael,</subfield>
    <subfield code="c">M.A.</subfield>
    <subfield code="9">16139</subfield>
  </datafield>
  <datafield tag="700" ind1="1" ind2=" ">
    <subfield code="a">Drake, W. M.</subfield>
    <subfield code="q">(William M.)</subfield>
    <subfield code="9">17561</subfield>
  </datafield>
  <datafield tag="700" ind1="1" ind2=" ">
    <subfield code="a">Hutchison, Robert,</subfield>
    <subfield code="c">Sir,</subfield>
    <subfield code="d">1871-1960.</subfield>
    <subfield code="9">16140</subfield>
  </datafield>
  <datafield tag="942" ind1=" " ind2=" ">
    <subfield code="2">ddc</subfield>
    <subfield code="c">BOOK</subfield>
  </datafield>
  <datafield tag="999" ind1=" " ind2=" ">
    <subfield code="c">26124</subfield>
    <subfield code="d">260624</subfield>
  </datafield>
  <datafield tag="952" ind1=" " ind2=" ">
    <subfield code="1">0</subfield>
    <subfield code="2">2013-03-10</subfield>
    <subfield code="4">0</subfield>
    <subfield code="7">0</subfield>
    <subfield code="a">616.075 HUC</subfield>
    <subfield code="c">n1</subfield>
    <subfield code="d">2012-10-22</subfield>
    <subfield code="h">CL</subfield>
    <subfield code="i">00450141</subfield>
    <subfield code="m">CL</subfield>
    <subfield code="q">2016-01-17</subfield>
    <subfield code="r">2016-03-10 00:00:00</subfield>
    <subfield code="t">BOOK</subfield>
    <subfield code="w">ddc</subfield>
    <subfield code="y">2</subfield>
  </datafield>
  <datafield tag="952" ind1=" " ind2=" ">
    <subfield code="1">0</subfield>
    <subfield code="2">2013-03-10</subfield>
    <subfield code="4">0</subfield>
    <subfield code="7">0</subfield>
    <subfield code="a">616.075 HUC</subfield>
    <subfield code="c">n2</subfield>
    <subfield code="d">2012-10-22</subfield>
    <subfield code="h">CL</subfield>
    <subfield code="i">00450140</subfield>
    <subfield code="m">CL</subfield>
    <subfield code="q">2017-02-08</subfield>
    <subfield code="r">2017-03-23 00:00:00</subfield>
    <subfield code="t">BOOK</subfield>
    <subfield code="w">ddc</subfield>
    <subfield code="y">3</subfield>
  </datafield>
  <datafield tag="952" ind1=" " ind2=" ">
    <subfield code="1">0</subfield>
    <subfield code="2">2013-03-10</subfield>
    <subfield code="4">0</subfield>
    <subfield code="7">0</subfield>
    <subfield code="a">616.075 HUC</subfield>
    <subfield code="c">n3</subfield>
    <subfield code="d">2012-10-22</subfield>
    <subfield code="h">CL</subfield>
    <subfield code="i">00450139</subfield>
    <subfield code="m">CL</subfield>
    <subfield code="q">2016-01-17</subfield>
    <subfield code="r">2016-02-16 00:00:00</subfield>
    <subfield code="t">BOOK</subfield>
    <subfield code="w">ddc</subfield>
    <subfield code="y">2</subfield>
  </datafield>
  <datafield tag="952" ind1=" " ind2=" ">
    <subfield code="1">0</subfield>
    <subfield code="2">2013-10-31</subfield>
    <subfield code="4">0</subfield>
    <subfield code="7">0</subfield>
    <subfield code="a">616.075 HUC</subfield>
    <subfield code="d">2013-10-31</subfield>
    <subfield code="h">AMF</subfield>
    <subfield code="i">00403155</subfield>
    <subfield code="m">AMF</subfield>
    <subfield code="r">2013-10-31 00:00:00</subfield>
    <subfield code="t">BOOK</subfield>
    <subfield code="w">ddc</subfield>
    <subfield code="y">0</subfield>
  </datafield>
  <datafield tag="952" ind1=" " ind2=" ">
    <subfield code="1">0</subfield>
    <subfield code="2">2013-10-31</subfield>
    <subfield code="4">0</subfield>
    <subfield code="7">0</subfield>
    <subfield code="a">616.075 HUC</subfield>
    <subfield code="d">2013-10-31</subfield>
    <subfield code="h">AMF</subfield>
    <subfield code="i">00403156</subfield>
    <subfield code="m">AMF</subfield>
    <subfield code="r">2013-10-31 00:00:00</subfield>
    <subfield code="t">BOOK</subfield>
    <subfield code="w">ddc</subfield>
    <subfield code="y">0</subfield>
  </datafield>
  <datafield tag="952" ind1=" " ind2=" ">
    <subfield code="1">0</subfield>
    <subfield code="2">2013-10-31</subfield>
    <subfield code="4">0</subfield>
    <subfield code="7">0</subfield>
    <subfield code="a">616.075 HUC</subfield>
    <subfield code="d">2013-10-31</subfield>
    <subfield code="h">CL</subfield>
    <subfield code="i">00403157</subfield>
    <subfield code="m">AMF</subfield>
    <subfield code="o">1</subfield>
    <subfield code="q">2022-10-11</subfield>
    <subfield code="r">2024-08-20 00:00:00</subfield>
    <subfield code="t">BOOK</subfield>
    <subfield code="w">ddc</subfield>
    <subfield code="y">1</subfield>
  </datafield>
  <datafield tag="952" ind1=" " ind2=" ">
    <subfield code="1">0</subfield>
    <subfield code="2">2013-10-31</subfield>
    <subfield code="4">0</subfield>
    <subfield code="7">0</subfield>
    <subfield code="a">616.075 HUC</subfield>
    <subfield code="d">2013-10-31</subfield>
    <subfield code="h">SZM</subfield>
    <subfield code="i">00403158</subfield>
    <subfield code="m">SZM</subfield>
    <subfield code="r">2013-10-31 00:00:00</subfield>
    <subfield code="t">BOOK</subfield>
    <subfield code="w">ddc</subfield>
    <subfield code="y">0</subfield>
  </datafield>
  <datafield tag="952" ind1=" " ind2=" ">
    <subfield code="1">0</subfield>
    <subfield code="2">2013-10-31</subfield>
    <subfield code="4">0</subfield>
    <subfield code="7">0</subfield>
    <subfield code="a">616.075 HUC</subfield>
    <subfield code="d">2013-10-31</subfield>
    <subfield code="h">SZM</subfield>
    <subfield code="i">00403159</subfield>
    <subfield code="m">SZM</subfield>
    <subfield code="r">2013-10-31 00:00:00</subfield>
    <subfield code="t">BOOK</subfield>
    <subfield code="w">ddc</subfield>
    <subfield code="y">0</subfield>
  </datafield>
</record>
